000 01118nam a2200301Ia 4500
003 OSt
005 20221007124216.0
006 a|||||r|||| 00| 0
007 ta
008 221006b |||||||| |||| 00| 0 eng d
020 _a9780470566695 (hbd)
024 _a118314
037 _b2092, 09/12/2010, Educational Book Agency (India)
_cTextbook
040 _aCDL
_cCDL
_beng
041 _2eng
_aeng
082 _aE8, Q0-;1 Carc
100 _aQuin Louis D
_9718656
245 0 _aFundamentals of heterocyclic chemistry: Importance in nature and in the synthesis of pharmaceuticals
_b Tyrell John A
260 _aNew
_bJersey Wiley
_c2010
300 _axv, 327p. ill.
_ccm.
500 _aIncludes bibliographical references.; Appendices 321-322p.; Index 323-327p.
650 _a Heterocyclic chemistry
_9717996
650 _a Heterocyclic compounds-synthesis
_9718657
650 _aChemistry
700 _a Tyrell John A
_9718658
942 _hE8, Q0-;1 Carc
_cTB
_2CC
999 _c1213176
_d1213176